[Event "Asia CCCL"]
[Site "Khanty-Mansiysk"]
[Date "2025.06.18"]
[Round "1.1"]
[White "Sankalp, Gupta"]
[Black "Tillyaev, Ulugbek"]
[Result "1-0"]
[WhiteElo "2531"]
[BlackElo "2262"]
[PlyCount "99"]
[EventDate "2025.06.18"]
[EventType "team-tourn"]
[EventRounds "7"]
[EventCountry "RUS"]
[SourceTitle "CB27_2025"]
[SourceDate "2025.07.02"]
[SourceVersion "1"]
[SourceVersionDate "2025.07.02"]
[SourceQuality "1"]
[WhiteTeam "Airports Authority"]
[BlackTeam "Uzbekistan CC"]
[WhiteTeamCountry "IND"]
[BlackTeamCountry "UZB"]

1. e4 c6 2. d4 d5 3. Nd2 dxe4 4. Nxe4 Nf6 5. Nxf6+ exf6 6. c3 Bd6 7. Bd3 0-0 8. Qc2 Re8+ 9. Ne2 h6 10. 0-0 Nd7 11. Be3 Nf8 12. c4 Bd7 13. a3 a5 14. Rfe1 Qc7 15. g3 Bg4 16. c5 Be7 17. Nf4 Qd7 18. h3 Be6 19. Rad1 Bd8 20. Be4 Bb3 21. Qxb3 Rxe4 22. d5 cxd5 23. Nxd5 a4 24. Qc2 Qe8 25. Rd3 Ne6 26. Red1 Ba5 27. b4 axb3 28. Rxb3 Nd8 29. Qb1 h5 30. h4 f5 31. Nf4 Bc7 32. Nxh5 Ne6 33. Rb4 Qc6 34. Rd3 Rxb4 35. Qxb4 Qf3 36. Nf4 Bxf4 37. gxf4 Rc8 38. Qc4 Rc6 39. Rd7 Qg4+ 40. Kf1 Qxh4 41. Qd5 Qh3+ 42. Ke1 Ra6 43. Rxb7 Rxa3 44. Kd2 g5 45. Rb8+ Kh7 46. Qe5 Ng7 47. fxg5 Qf3 48. Qh2+ Nh5 49. Qd6 f4 50. Qh6# 1-0

[Event "Sharjah Masters-A 8th"]
[Site "Sharjah"]
[Date "2025.05.24"]
[Round "8"]
[White "Sankalp, Gupta"]
[Black "Pang, Tao"]
[Result "1/2-1/2"]
[WhiteElo "2559"]
[BlackElo "2485"]
[PlyCount "104"]
[EventDate "2025.05.17"]
[EventType "swiss"]
[EventRounds "9"]
[EventCountry "UAE"]
[SourceTitle "CB22_2025"]
[SourceDate "2025.05.28"]
[SourceVersion "1"]
[SourceVersionDate "2025.05.28"]
[SourceQuality "1"]

1. e4 e6 2. d4 d5 3. Nc3 dxe4 4. Nxe4 Nd7 5. Nf3 Ngf6 6. Nxf6+ Nxf6 7. Ne5 Nd7 8. Nc4 Nb6 9. Bf4 Nxc4 10. Bxc4 Bd6 11. Be3 Bd7 12. Qh5 Qf6 13. 0-0-0 Bc6 14. Bb5 0-0 15. Bxc6 bxc6 16. h4 Rfb8 17. Qg5 Rb5 18. Qxf6 gxf6 19. b3 h5 20. Rd3 a5 21. a4 Rf5 22. Rc3 Ra6 23. Kd1 Bb4 24. Rc4 Rd5 25. Rh3 Kf8 26. Rf3 Ke7 27. Rg3 Rd8 28. Ke2 Bd6 29. Rf3 Rg8 30. g3 Rg4 31. Rc3 f5 32. Rd3 Ra8 33. Bg5+ f6 34. Bd2 Re4+ 35. Rfe3 Rg4 36. f4 Kd7 37. c4 Rgg8 38. Kd1 Rge8 39. Bc3 Bb4 40. Bb2 Kd6 41. Re2 Rf8 42. Rde3 Rae8 43. Kc2 Kd7 44. Bc3 Bxc3 45. Kxc3 Kd6 46. b4 axb4+ 47. Kxb4 Rb8+ 48. Kc3 Rfe8 49. c5+ Kd7 50. Rb2 Rxb2 51. Kxb2 Rb8+ 52. Rb3 Rxb3+ 1/2-1/2

[Event "Sharjah Masters-A 8th"]
[Site "Sharjah"]
[Date "2025.05.22"]
[Round "6"]
[White "Sankalp, Gupta"]
[Black "Kacharava, Nikoloz"]
[Result "1/2-1/2"]
[WhiteElo "2559"]
[BlackElo "2516"]
[PlyCount "116"]
[EventDate "2025.05.17"]
[EventType "swiss"]
[EventRounds "9"]
[EventCountry "UAE"]
[SourceTitle "CB22_2025"]
[SourceDate "2025.05.28"]
[SourceVersion "1"]
[SourceVersionDate "2025.05.28"]
[SourceQuality "1"]

1. e4 e5 2. Nf3 Nc6 3. Nc3 Nf6 4. Bb5 Bd6 5. d3 0-0 6. Ba4 Re8 7. Be3 Bf8 8. 0-0 a6 9. Nd5 Nxd5 10. exd5 b5 11. dxc6 bxa4 12. cxd7 Qxd7 13. Nd2 Bb7 14. f3 Re6 15. Nc4 Rae8 16. Qd2 f5 17. Kh1 h6 18. Rae1 g5 19. Bg1 Bg7 20. Qf2 Qf7 21. Re2 h5 22. Nd2 Rg6 23. h4 g4 24. fxg4 Rxg4 25. Qxf5 Qe7 26. Bh2 Rf8 27. Qxh5 Rxf1+ 28. Nxf1 Rxh4 29. Qg6 Rh6 30. Qg3 Qf7 31. Ne3 Rg6 32. Qh4 Qxa2 33. Nf5 Bf6 34. Qh5 Rg5 35. Qh6 Qb1+ 36. Bg1 Qf1 37. Rf2 Rxg2 38. Ne7+ Bxe7 39. Qe6+ Kh7 40. Qh3+ Kg7 41. Rxg2+ Bxg2+ 42. Qxg2+ Qxg2+ 43. Kxg2 a3 44. bxa3 Bxa3 45. Kf3 a5 46. Ke4 a4 47. Kd5 Bd6 48. Be3 Kf6 49. Bc1 Kf5 50. Kc6 e4 51. dxe4+ Kxe4 52. Kb5 a3 53. Kc4 a2 54. Bb2 Be5 55. c3 c5 56. Kb3 Kd3 57. Kxa2 Kc2 58. c4 Bxb2 1/2-1/2

[Event "Sharjah Masters-A 8th"]
[Site "Sharjah"]
[Date "2025.05.19"]
[Round "3"]
[White "Davtyan, Artur"]
[Black "Sankalp, Gupta"]
[Result "0-1"]
[WhiteElo "2485"]
[BlackElo "2559"]
[PlyCount "226"]
[EventDate "2025.05.17"]
[EventType "swiss"]
[EventRounds "9"]
[EventCountry "UAE"]
[SourceTitle "CB22_2025"]
[SourceDate "2025.05.28"]
[SourceVersion "1"]
[SourceVersionDate "2025.05.28"]
[SourceQuality "1"]

1. d4 Nf6 2. c4 e6 3. Nc3 Bb4 4. e3 0-0 5. Bd3 Re8 6. Nge2 d5 7. a3 Bf8 8. Qc2 Nbd7 9. b4 dxc4 10. Bxc4 a5 11. b5 e5 12. Qb3 Re7 13. 0-0 exd4 14. exd4 Nb6 15. Bg5 Qd6 16. Bf4 Qd7 17. Rfd1 Re8 18. a4 Qe7 19. h3 Bf5 20. Be5 Bg6 21. Qa2 Nfd7 22. Bg3 Nxc4 23. Qxc4 Rac8 24. Qa2 Bh5 25. Rd2 Qg5 26. Nf4 Nf6 27. Nxh5 Nxh5 28. Be5 Nf4 29. Bxf4 Qxf4 30. Rd3 Bd6 31. g3 Qf5 32. Rad1 Qxh3 33. Qd5 Re6 34. Qxb7 Rce8 35. Rf1 h5 36. Qh1 Qf5 37. Rf3 Qg4 38. Kg2 Rg6 39. Qh3 Qxd4 40. Qxh5 Re5 41. Qh3 Rh6 42. Qc8+ Kh7 43. Rh1 Rxh1 44. Kxh1 Bb4 45. Qxc7 Rc5 46. Qxf7 Bxc3 47. b6 Qe4 48. b7 Bf6 49. Kg2 Rf5 50. Qb3 Be5 51. Qd3 Qxd3 52. Rxd3 Rf7 53. Rd5 Bb8 54. Rb5 Kg6 55. Rxa5 Rxb7 56. Kh3 Rb2 57. f3 Bc7 58. Rc5 Bb6 59. Rc4 Bf2 60. Rg4+ Kf7 61. Rf4+ Kg8 62. Re4 Ra2 63. Kg4 Kf7 64. Rc4 Ra1 65. Kf4 Ra3 66. Rc7+ Kg6 67. Rc4 Be1 68. Rc6+ Kh7 69. Rc4 Ra2 70. Re4 Ba5 71. Kf5 Ra3 72. Kg4 Kg6 73. Rc4 Ra1 74. Rc6+ Kh7 75. Rc4 Rg1 76. Kh3 Be1 77. Kh2 Rf1 78. Re4 Ba5 79. Kg2 Rb1 80. Rh4+ Kg8 81. Rh5 Bc3 82. Rc5 Bf6 83. Rc4 Kf7 84. Re4 Rb3 85. Kf2 Rb2+ 86. Ke3 Bg5+ 87. f4 Rb3+ 88. Ke2 Be7 89. g4 Rg3 90. g5 Ra3 91. Kd2 Bd8 92. Rd4 Ba5+ 93. Ke2 Kg6 94. Rd6+ Kh5 95. Rd7 Bc3 96. Rd3 Ra2+ 97. Kf3 Ba1 98. Rd1 Ra3+ 99. Ke4 Rxa4+ 100. Kf5 Ra5+ 101. Ke6 Kg4 102. g6 Kxf4 103. Kf7 Ra7+ 104. Kg8 Be5 105. Rf1+ Kg5 106. Kh7 Ra4 107. Re1 Rh4+ 108. Kg8 Kf6 109. Rxe5 Kxe5 110. Kxg7 Ke6 111. Kg8 Rg4 112. g7 Kf6 113. Kh8 Ke5 0-1

[Event "Asia-ch"]
[Site "Al Ain"]
[Date "2025.05.12"]
[Round "6"]
[White "Sankalp, Gupta"]
[Black "Nurgaliyev, Sauat"]
[Result "1-0"]
[WhiteElo "2559"]
[BlackElo "2407"]
[PlyCount "115"]
[EventDate "2025.05.07"]
[EventType "swiss"]
[EventRounds "9"]
[EventCountry "UAE"]
[SourceTitle "CB21_2025"]
[SourceDate "2025.05.21"]
[SourceVersion "1"]
[SourceVersionDate "2025.05.21"]
[SourceQuality "1"]

1. e4 c5 2. Nf3 d6 3. d4 cxd4 4. Nxd4 Nf6 5. Nc3 a6 6. Be3 e5 7. Nb3 Be6 8. Qd2 Nbd7 9. 0-0-0 Be7 10. f4 b5 11. h3 Rc8 12. f5 Bc4 13. g4 h6 14. Qg2 Qc7 15. Bxc4 bxc4 16. Nd2 Rb8 17. h4 Qb7 18. Nxc4 Qb4 19. Qe2 Rc8 20. Nd2 Rxc3 21. bxc3 Qxc3 22. Qd3 Qa1+ 23. Nb1 0-0 24. Kd2 Rc8 25. g5 Ng4 26. Na3 Qc3+ 27. Qxc3 Rxc3 28. Kxc3 Nxe3 29. Rd3 Ng4 30. Rb1 Nf2 31. Rb7 Nxe4+ 32. Kc4 Nec5 33. Rxd7 Nxd7 34. Kd5 hxg5 35. hxg5 Bxg5 36. Nc4 e4 37. Rb3 Nf6+ 38. Kxd6 Ng4 39. Rb8+ Kh7 40. Kc5 e3 41. Re8 g6 42. fxg6+ Kxg6 43. Kd4 Nf6 44. Rb8 e2 45. Rb1 Bh4 46. Ne5+ Kf5 47. Nf3 Bf2+ 48. Kd3 Ne4 49. Rc1 Kf4 50. Kxe2 Be3 51. Re1 Bf2 52. Ra1 Bc5 53. Nd2 Ng3+ 54. Kd3 f5 55. Re1 Kg4 56. Re6 a5 57. Ra6 f4 58. Rxa5 1-0

[Event "Asia-ch"]
[Site "Al Ain"]
[Date "2025.05.11"]
[Round "5"]
[White "Omar, Noaman"]
[Black "Sankalp, Gupta"]
[Result "0-1"]
[WhiteElo "2319"]
[BlackElo "2559"]
[PlyCount "130"]
[EventDate "2025.05.07"]
[EventType "swiss"]
[EventRounds "9"]
[EventCountry "UAE"]
[SourceTitle "CB21_2025"]
[SourceDate "2025.05.21"]
[SourceVersion "1"]
[SourceVersionDate "2025.05.21"]
[SourceQuality "1"]

1. d4 d5 2. c4 e6 3. Nc3 Nf6 4. cxd5 exd5 5. Bg5 c6 6. e3 h6 7. Bh4 Be7 8. Bd3 0-0 9. f3 Re8 10. Bf2 b5 11. Nge2 Nbd7 12. 0-0 Nb6 13. Qc2 a5 14. Rad1 Bd7 15. Ng3 Rc8 16. Nf5 Bf8 17. b3 c5 18. Bxb5 cxd4 19. Nxd4 Bb4 20. Rd3 Ne4 21. fxe4 dxe4 22. Rdd1 Rxc3 23. Qe2 Qc8 24. Be1 Rc7 25. Bg3 Ra7 26. Rc1 Qd8 27. Nc6 Bxc6 28. Bxc6 Re6 29. Rfd1 Qg5 30. Bf4 Qf5 31. Qb5 Qxb5 32. Rd8+ Kh7 33. Bxb5 Be7 34. Rd4 Bf6 35. Rd2 Be5 36. Bxe5 Rxe5 37. a4 Rae7 38. Kf2 Nd5 39. Rc5 Nxe3 40. Rxe5 Ng4+ 41. Ke2 Rxe5 42. Bc4 f5 43. Rd5 Kg6 44. b4 Rxd5 45. Bxd5 axb4 46. a5 Nf6 47. Be6 Ne8 48. g4 fxg4 49. a6 Nc7 50. a7 Kf6 51. Bxg4 Kg5 52. Be6 Kf4 53. Kd1 Ke5 54. Bg4 Kf4 55. Bh5 g5 56. Be2 g4 57. Kc2 h5 58. Kb3 h4 59. Kxb4 g3 60. hxg3+ hxg3 61. Bf1 e3 62. Kc5 e2 63. Bxe2 g2 64. Kc6 g1Q 65. Kb7 Ke5 0-1

[Event "Asia-ch Blitz"]
[Site "Al Ain"]
[Date "2025.05.10"]
[Round "5"]
[White "Adhiban, Baskaran"]
[Black "Sankalp, Gupta"]
[Result "0-1"]
[WhiteElo "2518"]
[BlackElo "2559"]
[PlyCount "80"]
[EventDate "2025.05.10"]
[EventType "swiss (blitz)"]
[EventRounds "9"]
[EventCountry "UAE"]
[SourceTitle "CB20_2025"]
[SourceDate "2025.05.14"]
[SourceVersion "1"]
[SourceVersionDate "2025.05.14"]
[SourceQuality "1"]

1. b3 d5 2. Nf3 c5 3. e3 a6 4. Bb2 Nc6 5. d4 Bg4 6. Be2 Nf6 7. h3 Bxf3 8. Bxf3 cxd4 9. exd4 e6 10. 0-0 Bd6 11. c4 dxc4 12. bxc4 0-0 13. Nd2 Rc8 14. Rb1 Qd7 15. d5 Ne5 16. Bxe5 Bxe5 17. Re1 Bc3 18. Re2 Bxd2 19. Rxd2 Rxc4 20. dxe6 Qxe6 21. Rxb7 h6 22. Rd6 Qe5 23. Rxa6 Rfc8 24. Rb1 Qf4 25. g3 Qf5 26. Kg2 Ne4 27. Rb2 Ng5 28. Bg4 Qe4+ 29. Kh2 Rc1 30. Rb8 Rxd1 31. Rxc8+ Kh7 32. Bxd1 Qd4 33. Bc2+ g6 34. Kg2 Qd5+ 35. Kg1 Nxh3+ 36. Kh2 Ng5 37. Bb3 Qf3 38. Raa8 Qxf2+ 39. Kh1 Qf1+ 40. Kh2 Nf3# 0-1

[Event "Asia-ch Blitz"]
[Site "Al Ain"]
[Date "2025.05.10"]
[Round "9"]
[White "Yang, Zilong"]
[Black "Sankalp, Gupta"]
[Result "0-1"]
[WhiteElo "2326"]
[BlackElo "2559"]
[PlyCount "90"]
[EventDate "2025.05.10"]
[EventType "swiss (blitz)"]
[EventRounds "9"]
[EventCountry "UAE"]
[SourceTitle "CB20_2025"]
[SourceDate "2025.05.14"]
[SourceVersion "1"]
[SourceVersionDate "2025.05.14"]
[SourceQuality "1"]

1. e4 e6 2. d4 d5 3. Nc3 Nf6 4. e5 Nfd7 5. f4 c5 6. Nf3 Nc6 7. Be3 Be7 8. Qd2 0-0 9. dxc5 Nxc5 10. Nd4 f6 11. exf6 Rxf6 12. Be2 Bd7 13. 0-0 Be8 14. Nxc6 bxc6 15. Bd4 Rf8 16. b4 Nd7 17. a3 c5 18. bxc5 Bxc5 19. Bxc5 Nxc5 20. Qd4 Rc8 21. f5 Bf7 22. fxe6 Nxe6 23. Qb4 a5 24. Qb2 Qg5 25. Rf3 Nd4 26. Rd3 Rxc3 27. Rxd4 Qe3+ 28. Kh1 Qxd4 29. Rd1 Qe3 30. Bd3 Rcc8 31. Qb7 Rfe8 32. Rg1 Qe7 33. Qb2 Qc5 34. a4 Re7 35. Qc1 Rce8 36. h3 Qf2 37. Bf1 Re1 38. Qg5 Rxf1 39. Rxf1 Qxf1+ 40. Kh2 Qf6 41. Qd2 d4 42. Kh1 Qe5 43. Kg1 Qe3+ 44. Qxe3 dxe3 45. Kf1 e2+ 0-1

[Event "Ljubljana op"]
[Site "Ljubljana"]
[Date "2025.05.01"]
[Round "6"]
[White "Sankalp, Gupta"]
[Black "Zeng, Chongsheng"]
[Result "1-0"]
[WhiteElo "2548"]
[BlackElo "2574"]
[PlyCount "87"]
[EventDate "2025.04.28"]
[EventType "swiss"]
[EventRounds "9"]
[EventCountry "SLO"]
[SourceTitle "CB19_2025"]
[SourceDate "2025.05.07"]
[SourceVersion "1"]
[SourceVersionDate "2025.05.07"]
[SourceQuality "1"]

1. e4 e6 2. d4 d5 3. Nc3 Nf6 4. e5 Nfd7 5. f4 c5 6. Nf3 Nc6 7. Be3 a6 8. Qd2 b5 9. h4 Be7 10. h5 0-0 11. h6 g6 12. Nd1 f6 13. c3 b4 14. exf6 Nxf6 15. Nf2 bxc3 16. bxc3 Ne4 17. Nxe4 dxe4 18. Ne5 Nxe5 19. dxe5 Bh4+ 20. Ke2 Bd7 21. c4 Be7 22. g3 Bc6 23. Bh3 Kf7 24. Rhd1 Qc7 25. Qc3 Rad8 26. Qa3 Rd3 27. Rxd3 exd3+ 28. Qxd3 Rd8 29. Qc2 Bb7 30. Kf1 Bf8 31. Rb1 Bf3 32. Qb3 Be4 33. Qb6 Qd7 34. Rc1 Bxh6 35. Bxe6+ Qxe6 36. Qxd8 Qh3+ 37. Ke1 Qxg3+ 38. Kd2 Qg2+ 39. Kc3 Qf3 40. Re1 Bg7 41. Qd7+ Kf8 42. Kd2 h5 43. e6 Kg8 44. e7 1-0

[Event "IND-chT 44th"]
[Site "Ahmedabad"]
[Date "2025.03.09"]
[Round "7.1"]
[White "Sankalp, Gupta"]
[Black "Neelash, Saha"]
[Result "1-0"]
[WhiteElo "2545"]
[BlackElo "2460"]
[PlyCount "81"]
[EventDate "2025.03.05"]
[EventType "team-swiss"]
[EventRounds "9"]
[EventCountry "IND"]
[SourceTitle "CB12_2025"]
[SourceDate "2025.03.19"]
[SourceVersion "1"]
[SourceVersionDate "2025.03.19"]
[SourceQuality "1"]
[WhiteTeam "Airports Authority"]
[BlackTeam "Railway Sport PB"]
[WhiteTeamCountry "IND"]
[BlackTeamCountry "IND"]

1. e4 e6 2. d4 d5 3. Nd2 dxe4 4. Nxe4 Nd7 5. Nf3 Ngf6 6. Bd3 c5 7. Nxf6+ Nxf6 8. Be3 Nd5 9. Ne5 Bd6 10. Qh5 g6 11. Qf3 f6 12. Nc4 Nxe3 13. fxe3 Be7 14. dxc5 0-0 15. Rd1 Qc7 16. b4 Bd7 17. 0-0 Bc6 18. Qh3 f5 19. Nd6 Bf6 20. Bc4 Qe7 21. e4 Kh8 22. exf5 exf5 23. Rfe1 Qg7 24. Qb3 Bc3 25. Re2 a5 26. Nf7+ Rxf7 27. Bxf7 axb4 28. Qc4 Qf6 29. Bd5 Rd8 30. Rd3 Bxd5 31. Rxd5 Rxd5 32. Qxd5 Qd4+ 33. Qxd4+ Bxd4+ 34. Kf1 Bxc5 35. Rd2 b6 36. Rd7 h5 37. Ke2 Bg1 38. h3 f4 39. Kf3 Be3 40. g3 g5 41. Rd5 1-0

[Event "Bundesliga 2425"]
[Site "Germany"]
[Date "2025.01.12"]
[Round "6.3"]
[White "Laurusas, Tomas"]
[Black "Sankalp, Gupta"]
[Result "1/2-1/2"]
[WhiteElo "2569"]
[BlackElo "2534"]
[PlyCount "49"]
[EventDate "2024.09.28"]
[EventType "team-tourn"]
[EventRounds "15"]
[EventCountry "GER"]
[SourceTitle "CB06_2025"]
[SourceDate "2025.02.05"]
[SourceVersion "1"]
[SourceVersionDate "2025.02.05"]
[SourceQuality "1"]
[WhiteTeam "Bad Mergentheim"]
[BlackTeam "Deggendorf"]
[WhiteTeamCountry "GER"]
[BlackTeamCountry "GER"]

1. d4 d5 2. c4 dxc4 3. Nf3 Nf6 4. e3 e6 5. Bxc4 c5 6. 0-0 a6 7. b3 cxd4 8. Nxd4 Be7 9. Bb2 0-0 10. Nd2 b5 11. Be2 Bb7 12. a4 bxa4 13. Rxa4 Nbd7 14. Bf3 Nd5 15. Nc4 Rc8 16. Qe2 Qc7 17. Raa1 Nc5 18. Na5 Ba8 19. Rfc1 Qb6 20. Nc4 Qb8 21. Ba3 Rfe8 22. Na5 Qb6 23. Nc4 Qb8 24. Na5 Qb6 25. Nc4 1/2-1/2

[Event "Tashkent President op 3rd"]
[Site "Tashkent"]
[Date "2024.11.24"]
[Round "4"]
[White "Nihal, Sarin"]
[Black "Sankalp, Gupta"]
[Result "1-0"]
[WhiteElo "2676"]
[BlackElo "2539"]
[PlyCount "213"]
[EventDate "2024.11.21"]
[EventType "swiss"]
[EventRounds "9"]
[EventCountry "UZB"]
[SourceTitle "CB49_2024"]
[SourceDate "2024.12.04"]
[SourceVersion "1"]
[SourceVersionDate "2024.12.04"]
[SourceQuality "1"]

1. d4 Nf6 2. Nf3 g6 3. Bg5 Bg7 4. Nbd2 0-0 5. e3 h6 6. Bh4 d6 7. Bc4 Nc6 8. c3 e5 9. 0-0 Qe7 10. b4 g5 11. Bg3 e4 12. Ne1 Bg4 13. Qc2 d5 14. Bb3 Rad8 15. f3 Bf5 16. fxe4 Bxe4 17. Nxe4 Nxe4 18. Nd3 Nxg3 19. hxg3 Qxe3+ 20. Kh2 Qe4 21. Rae1 Qg6 22. Qd1 Rfe8 23. Rxe8+ Rxe8 24. Bxd5 Nd8 25. Bb3 Re3 26. Rf3 Rxf3 27. Qxf3 c6 28. g4 Qf6 29. Qxf6 Bxf6 30. Kg3 Kf8 31. Kf3 Ke7 32. Nc5 b6 33. Ne4 Nb7 34. Ke3 Bg7 35. Ng3 Bf8 36. Kd3 a5 37. a3 f6 38. Bd1 Kd7 39. Bf3 Kc7 40. Nh5 Be7 41. Ng7 axb4 42. axb4 Nd6 43. c4 Kd7 44. c5 bxc5 45. bxc5 Nc8 46. Nf5 Na7 47. Ne3 Ke8 48. Kc4 Bd8 49. Be4 Kd7 50. Bc2 Kc7 51. Bf5 Kb7 52. Bd7 Kc7 53. Be6 Kb7 54. Bd7 Kc7 55. Bf5 Kb7 56. Nd1 Ba5 57. Nf2 Kc7 58. Nd3 Bd2 59. Nf2 Be3 60. Nd3 Bg1 61. Nb4 Kb7 62. Be4 Kc7 63. Bf3 Kd7 64. Bd1 Kc7 65. Ba4 Kb7 66. Kd3 Kc7 67. Kc4 Kb7 68. d5 cxd5+ 69. Nxd5 Nc8 70. Bd7 Na7 71. Be8 Nc8 72. Bg6 Kb8 73. Bf5 Na7 74. Nxf6 Nc6 75. Kd5 Kc7 76. Ne4 Nb4+ 77. Kc4 Nc2 78. Nf6 Ne3+ 79. Kb5 Bh2 80. Be6 Be5 81. Ng8 Bg7 82. Ne7 Bf6 83. Ng8 Bg7 84. Ne7 Bf6 85. Nf5 Nxg2 86. Nxh6 Ne3 87. Nf7 Be7 88. Ne5 Bf6 89. Nd7 Bg7 90. Nb6 Be5 91. Na4 Bd4 92. Nb6 Be5 93. Nc8 Bf4 94. Ne7 Be5 95. Nc6 Bf4 96. Nb4 Kd8 97. Kc6 Ke7 98. Bc8 Kd8 99. Be6 Ke7 100. Bc8 Kd8 101. Kb7 Nc4 102. Be6 Na5+ 103. Kb6 Bc7+ 104. Ka6 Ke8 105. Nd5 Bd8 106. Nb6 Ke7 107. Bd5 1-0

[Event "Hoogeveen op 27th"]
[Site "Hoogeveen"]
[Date "2024.10.30"]
[Round "6"]
[White "Ganguly, Surya Shekhar"]
[Black "Sankalp, Gupta"]
[Result "0-1"]
[WhiteElo "2598"]
[BlackElo "2534"]
[PlyCount "172"]
[EventDate "2024.10.26"]
[EventType "swiss"]
[EventRounds "9"]
[EventCountry "NED"]
[SourceTitle "CB45_2024"]
[Source "ChessBase"]
[SourceDate "2024.11.06"]
[SourceVersion "1"]
[SourceVersionDate "2024.11.06"]
[SourceQuality "1"]

1. d4 Nf6 2. c4 e6 3. Nc3 Bb4 4. e3 0-0 5. Bd3 d5 6. cxd5 exd5 7. a3 Bd6 8. Qc2 a6 9. Nge2 Re8 10. Bd2 Nbd7 11. 0-0 c5 12. Nf4 c4 13. Be2 Bxf4 14. exf4 Nb8 15. b3 Nc6 16. Be3 b5 17. bxc4 bxc4 18. f5 g6 19. fxg6 hxg6 20. Qd2 Ne4 21. Nxe4 Rxe4 22. Bf3 Re8 23. Bg5 f6 24. Bh4 g5 25. Bg3 Bf5 26. Rfe1 Qd7 27. Bh5 Rxe1+ 28. Rxe1 Bg4 29. Bg6 Bf5 30. Bxf5 Qxf5 31. h4 gxh4 32. Bxh4 Kf7 33. Re3 Rg8 34. Bg3 Qg4 35. Qe1 Nxd4 36. Re7+ Kg6 37. f3 Qg5 38. Qb1+ Qf5 39. Qb6 Qd3 40. Bh4 Rf8 41. Re8 Rf7 42. Qb8 Nf5 43. Rg8+ Ng7 44. Bf2 Qd1+ 45. Kh2 Qd2 46. Rh8 Qxf2 47. Qf4 Ne6 48. Qg4+ Ng5 49. f4 Rh7+ 50. Rxh7 Kxh7 51. fxg5 Kg6 52. gxf6+ Kxf6 53. Qc8 Ke5 54. a4 Qh4+ 55. Kg1 Qe1+ 56. Kh2 Qh4+ 57. Kg1 Qh6 58. Qc5 Ke4 59. Qc8 Qc1+ 60. Kh2 Qf4+ 61. Kg1 Qf6 62. Qg4+ Ke3 63. Qd1 Qd4 64. Qc2 Qd2 65. Qf5 Qe1+ 66. Kh2 Qh4+ 67. Kg1 Kd4 68. Qe6 c3 69. Qb6+ Kd3 70. Qxa6+ Kd2 71. Qa5 Qe1+ 72. Kh2 Qh4+ 73. Kg1 d4 74. Qb4 Qe1+ 75. Kh2 Qh4+ 76. Kg1 Qe1+ 77. Kh2 Qe5+ 78. g3 Ke2 79. a5 c2 80. Qc4+ Kd2 81. Qb4+ Kd1 82. Qa4 Qe2+ 83. Kh3 Qh5+ 84. Kg2 Qe2+ 85. Kh3 Ke1 86. Qc6 Kd2 0-1

[Event "Hoogeveen op 27th"]
[Site "Hoogeveen"]
[Date "2024.10.29"]
[Round "4"]
[White "Sankalp, Gupta"]
[Black "De Winter, Arthur"]
[Result "1/2-1/2"]
[WhiteElo "2534"]
[BlackElo "2435"]
[PlyCount "100"]
[EventDate "2024.10.26"]
[EventType "swiss"]
[EventRounds "9"]
[EventCountry "NED"]
[SourceTitle "CB45_2024"]
[Source "ChessBase"]
[SourceDate "2024.11.06"]
[SourceVersion "1"]
[SourceVersionDate "2024.11.06"]
[SourceQuality "1"]

1. e4 e5 2. Nf3 Nc6 3. Bc4 Nf6 4. d3 Bc5 5. c3 d6 6. 0-0 a5 7. Re1 0-0 8. h3 h6 9. Nbd2 Be6 10. Bb5 Qb8 11. Nf1 Qa7 12. Re2 a4 13. Ng3 Qa5 14. Bc4 Bxc4 15. dxc4 Ne7 16. Rb1 b5 17. cxb5 Qxb5 18. b4 axb3 19. axb3 Rfb8 20. Nh4 Ng6 21. Nxg6 fxg6 22. b4 Qc4 23. Bxh6 gxh6 24. bxc5 Qxc5 25. Rxb8+ Rxb8 26. Qd2 Kg7 27. Qa2 h5 28. Re3 h4 29. Nf1 Qb5 30. Nd2 Qb2 31. Qxb2 Rxb2 32. Nf3 Rb1+ 33. Kh2 Rf1 34. Re2 Rc1 35. Re3 Rc2 36. Kg1 Nh5 37. Nxh4 Nf4 38. Nf3 Ne2+ 39. Kh2 Nxc3 40. Ne1 Rc1 41. Nd3 Rf1 42. Kg3 Nb5 43. f4 exf4+ 44. Nxf4 Kf6 45. Rf3 Rb1 46. Nd3+ Kg7 47. e5 Nd4 48. exd6 cxd6 49. Rf2 Rb3 50. Rd2 Kf6 1/2-1/2